[Event "5eme open de Champagne -Ardenne"]
[Site "BLAGNY N°14535"]
[Date "2009.05.03"]
[Round "7.10"]
[White "Chalabi, Max"]
[Black "Halfaoui, Eddine"]
[Result "0-1"]
[WhiteElo "1296"]
[BlackElo "1831"]
[PlyCount "131"]
[EventDate "2009.??.??"]

1. e4 e6 2. d4 d5 3. Nc3 Nf6 4. Bg5 Be7 5. e5 Nfd7 6. Bxe7 Qxe7 7. Nf3 a6 8.
Bd3 c5 9. dxc5 Qxc5 10. O-O Qc7 11. Re1 Nc6 12. Qe2 b5 13. a3 Nb6 14. b3 Bd7
15. a4 Nb4 16. Qd2 Rc8 17. Nxb5 axb5 18. Qxb4 bxa4 19. bxa4 Nc4 20. a5 Rb8 21.
Qc3 O-O 22. a6 Rfc8 23. a7 Ra8 24. Qd4 Bb5 25. Rec1 Be8 26. h3 Nb6 27. Rcb1 Nc4
28. Bxc4 dxc4 29. Qe4 Rxa7 30. Rxa7 Qxa7 31. Qb7 Qxb7 32. Rxb7 Bc6 33. Rb4 Bxf3
34. gxf3 g5 35. Kg2 Kg7 36. Kg3 Kg6 37. f4 h6 38. fxg5 Kxg5 39. f4+ Kf5 40. Kf3
c3 41. h4 h5 42. Kg3 Rg8+ 43. Kh3 Rg4 44. Rc4 Rxf4 45. Rxc3 Re4 46. Rf3+ Kg6
47. Rg3+ Kh6 48. Rf3 Kg7 49. Rg3+ Kh7 50. Rf3 Kg6 51. Rf6+ Kg7 52. Rf3 Rxe5 53.
Rg3+ Kf6 54. Rf3+ Rf5 55. Rxf5+ Kxf5 56. Kg3 Ke4 57. Kf2 Kd4 58. Kf3 f6 59. Kf4
Kc3 60. Ke4 Kxc2 61. Kd4 Kd2 62. Ke4 Kc3 63. Kf4 Kd4 64. Kf3 e5 65. Ke2 f5 66.
Kf2 0-1

[Event "5eme open de Champagne -Ardenne"]
[Site "BLAGNY N°14535"]
[Date "2009.05.03"]
[Round "7.11"]
[White "Noizet, Regis"]
[Black "Biryukov, Alice"]
[Result "1-0"]
[WhiteElo "1790"]
[BlackElo "1412"]
[PlyCount "31"]
[EventDate "2009.??.??"]

1. d4 d5 2. c4 Nc6 3. Nf3 Nf6 4. Nc3 Bf5 5. c5 Qd7 6. a3 O-O-O 7. Bf4 Ne4 8. e3
e5 9. Nxe5 f6 10. Nxd7 Rxd7 11. Bb5 g5 12. Nxe4 dxe4 13. Bg3 h5 14. Bxc6 bxc6
15. h4 Bxc5 16. Qa4 1-0

[Event "5eme open de Champagne -Ardenne"]
[Site "BLAGNY N°14535"]
[Date "2009.05.03"]
[Round "7.12"]
[White "Matschek, Norbert"]
[Black "Huang, Feibai"]
[Result "1-0"]
[WhiteElo "1771"]
[BlackElo "1207"]
[PlyCount "36"]
[EventDate "2009.??.??"]

1. e4 e5 2. Bc4 Nf6 3. d3 d5 4. exd5 Nxd5 5. Nf3 Nc6 6. c3 Bf5 7. O-O Bc5 8.
Qb3 Na5 9. Qb5+ c6 10. Qxc5 b6 11. Qa3 b5 12. Bxd5 cxd5 13. Nxe5 Nb7 14. Re1
Be6 15. d4 Nd6 16. Qb3 O-O 17. Qd1 f6 18. Nf3 Nc4 1-0

[Event "5eme open de Champagne -Ardenne"]
[Site "BLAGNY N°14535"]
[Date "2009.05.03"]
[Round "7.13"]
[White "Fell, Fabian"]
[Black "Marchal, Roger"]
[Result "1/2-1/2"]
[WhiteElo "1538"]
[BlackElo "1620"]
[PlyCount "80"]
[EventDate "2009.??.??"]

1. e4 c5 2. d4 cxd4 3. c3 dxc3 4. Nxc3 a6 5. Nf3 e6 6. Bc4 b5 7. Bb3 Bb7 8. O-O
Qc7 9. Qe2 Nc6 10. Rd1 Na5 11. Be3 Nxb3 12. axb3 Nf6 13. Rac1 Qb8 14. Bb6 Be7
15. Qe3 O-O 16. Bd4 b4 17. Bxf6 Bxf6 18. Na4 Bc6 19. Rc2 Bd8 20. Nc5 Bb6 21.
Qe2 Bb5 22. Qe1 Bxc5 23. Rxc5 a5 24. Nd4 Bc6 25. Nxc6 dxc6 26. Rxc6 Rc8 27.
Rdc1 Qb7 28. Rxc8+ Rxc8 29. Rxc8+ Qxc8 30. h3 Qc2 31. Qa1 Qc5 32. Qd1 g6 33.
Qd3 Qc1+ 34. Kh2 Qxb2 35. Qd8+ Kg7 36. Qxa5 Qxb3 37. Qe5+ f6 38. Qc7+ Kh6 39.
Qf4+ Kg7 40. Qc7+ Kh6 1/2-1/2

[Event "5eme open de Champagne -Ardenne"]
[Site "BLAGNY N°14535"]
[Date "2009.05.03"]
[Round "7.14"]
[White "Meisch, Tanguy"]
[Black "Micottis, Dorian"]
[Result "0-1"]
[WhiteElo "1558"]
[BlackElo "1099"]
[PlyCount "100"]
[EventDate "2009.??.??"]

1. e4 c5 2. d4 cxd4 3. c3 dxc3 4. Nxc3 e6 5. Nf3 Bb4 6. Bc4 Nf6 7. O-O Bxc3 8.
bxc3 Nxe4 9. Qd4 Nf6 10. Bg5 Nc6 11. Qh4 d5 12. Rad1 Qe7 13. Bb3 h6 14. Rfe1
Rg8 15. Bxf6 Qxf6 16. Qxf6 gxf6 17. Bxd5 Ne7 18. Bb3 b6 19. Ba4+ Kf8 20. Re4
Bb7 21. Re3 Nd5 22. Red3 Nf4 23. Rd8+ Rxd8 24. Rxd8+ Kg7 25. Rxg8+ Kxg8 26. Nh4
Ne2+ 27. Kf1 Nxc3 28. Bb3 Kf8 29. f3 Bd5 30. g3 Nxa2 31. Bxa2 Bxa2 32. Ng2 Ke7
33. Ke2 Kd6 34. Kd3 Bd5 35. Ne1 Kc5 36. Kc3 a5 37. f4 b5 38. Nd3+ Kc6 39. Kb2
b4 40. h4 Kb5 41. g4 Kc4 42. Nf2 Kd4 43. g5 fxg5 44. fxg5 hxg5 45. h5 Ke5 46.
Ng4+ Kf5 47. Ne3+ Kf6 48. Ng4+ Kg7 49. Kc1 f5 50. h6+ Kg6 0-1

[Event "5eme open de Champagne -Ardenne"]
[Site "BLAGNY N°14535"]
[Date "2009.05.03"]
[Round "7.15"]
[White "Louot, Catherine"]
[Black "Seninck, Maxence"]
[Result "1-0"]
[WhiteElo "1530"]
[BlackElo "1270"]
[PlyCount "39"]
[EventDate "2009.??.??"]

1. d4 Nc6 2. Nf3 b6 3. Bf4 Bb7 4. c4 Nf6 5. Nc3 e6 6. e4 Bb4 7. Rc1 Bxc3+ 8.
Rxc3 Nxe4 9. Re3 d5 10. cxd5 exd5 11. Bd3 f5 12. Ng5 Nb4 13. Qa4+ Nc6 14. f3 h6
15. Ne6 Qe7 16. Nxc7+ Kd7 17. Nxa8 Rxa8 18. fxe4 Qb4+ 19. Qxb4 Nxb4 20. O-O 1-0

[Event "5eme open de Champagne -Ardenne"]
[Site "BLAGNY N°14535"]
[Date "2009.05.03"]
[Round "7.16"]
[White "Gilles, Ludwig"]
[Black "Blond-Hanten, Elsa"]
[Result "0-1"]
[WhiteElo "1160"]
[BlackElo "1328"]
[PlyCount "32"]
[EventDate "2009.??.??"]

1. Nf3 d5 2. g3 b6 3. Bg2 Bb7 4. d3 Nf6 5. O-O Nc6 6. b3 e6 7. c4 Bc5 8. Nc3 d4
9. Na4 Bd6 10. Bg5 h6 11. Bxf6 Qxf6 12. e3 O-O-O 13. Qb1 Ne5 14. Qb2 Nxf3+ 15.
Bxf3 Qxf3 16. Qxd4 Qg2# 0-1

[Event "5eme open de Champagne -Ardenne"]
[Site "BLAGNY N°14535"]
[Date "2009.05.03"]
[Round "7.17"]
[White "Henzler, Steffen"]
[Black "Schenk, Philipp"]
[Result "0-1"]
[WhiteElo "1099"]
[BlackElo "1433"]
[PlyCount "46"]
[EventDate "2009.??.??"]

1. d4 d5 2. Nf3 Bf5 3. Nc3 e6 4. e3 Bd6 5. Bd3 Nf6 6. O-O Ne4 7. Nxe4 dxe4 8.
Bxe4 Bxe4 9. Re1 Qf6 10. Ne5 Nc6 11. Nxc6 Bxc6 12. e4 e5 13. dxe5 Bxe5 14. Rb1
O-O 15. Be3 Rad8 16. Qg4 b6 17. g3 Qg6 18. Qxg6 fxg6 19. f4 Bd4 20. Bxd4 Rxd4
21. e5 Rd2 22. c3 Rg2+ 23. Kh1 Rxg3+ 0-1

[Event "5eme open de Champagne -Ardenne"]
[Site "BLAGNY N°14535"]
[Date "2009.05.03"]
[Round "7.18"]
[White "Jagiello, Robert"]
[Black "Gilles, Sebastien"]
[Result "1-0"]
[WhiteElo "1618"]
[BlackElo "1499"]
[PlyCount "27"]
[EventDate "2009.??.??"]

1. e4 Nf6 2. e5 Ne4 3. Qe2 c5 4. Qxe4 a5 5. Nf3 e6 6. Nc3 Ra6 7. d4 Rc6 8. Bb5
Qc7 9. Bxc6 bxc6 10. dxc5 Bxc5 11. Be3 Bb4 12. O-O Be7 13. Rad1 Qb6 14. Bxb6
1-0

[Event "5eme open de Champagne -Ardenne"]
[Site "BLAGNY N°14535"]
[Date "2009.05.03"]
[Round "7.19"]
[White "Hurreau, Jean Francois"]
[Black "Lucas Fauchois, Leo"]
[Result "1-0"]
[WhiteElo "1499"]
[BlackElo "1060"]
[PlyCount "39"]
[EventDate "2009.??.??"]

1. e4 e5 2. Nf3 Nc6 3. Nc3 Bb4 4. Bc4 Nf6 5. O-O O-O 6. Re1 d6 7. a3 a6 8. axb4
Nxb4 9. Ra4 Nc6 10. Nd5 Ne8 11. d4 Nxd4 12. Nxd4 f6 13. Nxc7+ Kh8 14. Nxa8 exd4
15. Bd5 d3 16. Qxd3 f5 17. exf5 g6 18. Qd4+ Rf6 19. Rxe8+ Qxe8 20. Qxf6# 1-0